Multiple Oscar Winners - Actors - Statistics

General Stats
  • This quiz has been taken 94 times
  • The average score is 23 of 45
Answer Stats
Actor Lead Supporting % Correct
Actress Meryl Streep 2 1
92%
Actor Tom Hanks 2
92%
Actor Daniel Day-Lewis 3
82%
Actor Robert De Niro 1 1
80%
Actor Jack Nicholson 2 1
79%
Actor Marlon Brando 2
76%
Actress Katharine Hepburn 4
75%
Actor Denzel Washington 1 1
69%
Actress Bette Davis 2
62%
Actress Jane Fonda 2
62%
Actress Maggie Smith 1 1
61%
Actress Emma Stone 2
59%
Actress Vivien Leigh 2
58%
Actor Dustin Hoffman 2
56%
Actress Frances McDormand 3
56%
Actor Spencer Tracy 2
56%
Actor Gary Cooper 2
55%
Actress Glenda Jackson 2
54%
Actress Ingrid Bergman 2 1
54%
Actress Sally Field 2
52%
Actor Sean Penn 2
52%
Actor Michael Caine 2
51%
Actress Elizabeth Taylor 2
49%
Actress Hilary Swank 2
49%
Actress Renée Zellweger 1 1
49%
Actor Anthony Hopkins 2
48%
Actress Jodie Foster 2
48%
Actor Mahershala Ali 2
48%
Actress Cate Blanchett 1 1
45%
Actor Jack Lemmon 1 1
45%
Actor Kevin Spacey 1 1
42%
Actor Gene Hackman 1 1
41%
Actor Melvyn Douglas 2
41%
Actress Olivia de Havilland 2
41%
Actor Christoph Waltz 2
37%
Actor Jason Robards 2
35%
Actor Walter Brennan 3
35%
Actor Fredric March 2
32%
Actress Luise Rainer 2
32%
Actor Peter Ustinov 2
32%
Actor Anthony Quinn 2
30%
Actress Dianne Wiest 2
27%
Actress Jessica Lange 1 1
27%
Actress Helen Hayes 1 1
24%
Actress Shelley Winters 2
20%
No matching quizzes found
Score Distribution
Percent of People with Each Score
Percentile by Number Answered
Your Score History
You have not taken this quiz